Normal view
MARC view
- Srivastava, J.P
Entry Personal Name
001 - CONTROL NUMBER
- control field: 69634
003 - CONTROL NUMBER IDENTIFIER
- control field: NUST
005 - DATE AND TIME OF LATEST TRANSACTION
- control field: 20210628204253.0
008 - FIXED-LENGTH DATA ELEMENTS
- fixed length control field: 210628|| aca||aabn | a|a d
040 ## - CATALOGING SOURCE
- Original cataloging agency: NUST
- Transcribing agency: NUST
100 ## - HEADING--PERSONAL NAME
- Personal name: Srivastava, J.P
670 ## - SOURCE DATA FOUND
- Source citation: Work cat.: (NUST): Srivastava, J.P., Element of solid state physics, 2016
